000
00317nam a2200145Ia 4500
008
100122s9999 xx 000 0 und d
082
_b
58394
_a
823
100
_a
HARRIS THOMAS
245
_a
HANNIBAL
260
_b
ARROW BOOKS
_c
2000
300
_a
564
630
_a
HANNIBAL
730
_a
HANNIBAL
942
_c
BOOK
999
_c
377156
_d
377153